Le commentaire de carte topographique : Méthodes et applications (notice n° 1925518)
[ vue normale ]
| 000 -LEADER | |
|---|---|
| fixed length control field | 01526cam a2200145 4500500 |
| 005 - DATE AND TIME OF LATEST TRANSACTION | |
| control field | 20260329023217.0 |
| 041 ## - LANGUAGE CODE | |
| Language code of text/sound track or separate title | fre |
| 042 ## - AUTHENTICATION CODE | |
| Authentication code | dc |
| 100 10 - MAIN ENTRY--PERSONAL NAME | |
| Personal name | Tiano, Camille |
| Relator term | author |
| 245 00 - TITLE STATEMENT | |
| Title | Le commentaire de carte topographique : Méthodes et applications |
| 260 ## - PUBLICATION, DISTRIBUTION, ETC. | |
| Name of publisher, distributor, etc. | Armand Colin,<br/> |
| Date of publication, distribution, etc. | 2022.<br/> |
| 520 ## - SUMMARY, ETC. | |
| Summary, etc. | Ce manuel propose une méthodologie complète, étape par étape, du commentaire de carte topographique pour réussir les épreuves écrites et orales de différents concours et examens : comment lire les principales informations des cartes, les problématiser, construire un plan de commentaire, maîtriser les termes techniques des différents domaines géographiques, se familiariser avec les documents qui peuvent venir compléter la carte. 6 chapitres thématiques abordent les différents domaines de la géographie à mobiliser dans le commentaire de carte (topographie, hydrographie, paysages et végétation, géographie rurale, géographie urbaine, géographie industrielle, aménagement…), et 2 chapitres méthodologiques proposent des conseils précis pour l’élaboration du plan et la réalisation d’un croquis de synthèse. Une nouvelle édition proposant de nombreux nouveaux exemples et croquis originaux. Un ouvrage en tout en couleurs avec des ressources numériques (rapports du jury, abréviations IGN et glossaire). |
| 700 10 - ADDED ENTRY--PERSONAL NAME | |
| Personal name | Loïzzo, Clara |
| Relator term | author |
| 856 41 - ELECTRONIC LOCATION AND ACCESS | |
| Uniform Resource Identifier | <a href="https://shs.cairn.info/le-commentaire-de-carte-topographique--9782200630980?lang=fr&redirect-ssocas=7080">https://shs.cairn.info/le-commentaire-de-carte-topographique--9782200630980?lang=fr&redirect-ssocas=7080</a> |
Pas d'exemplaire disponible.




Réseaux sociaux